[Event "FRA-ch U16 Girls"]
[Site "Pau"]
[Date "2015.04.30"]
[Round "6"]
[White "Afraoui, Anaelle"]
[Black "Leriche, Ines"]
[Result "1-0"]
[WhiteElo "1989"]
[BlackElo "1941"]
[PlyCount "179"]
[EventDate "2015.04.26"]
[EventType "swiss"]
[EventRounds "9"]
[EventCountry "FRA"]
[SourceTitle "CBM 166 Extra"]
[Source "ChessBase"]
[SourceDate "2015.06.18"]
[SourceVersion "1"]
[SourceVersionDate "2015.06.18"]
[SourceQuality "1"]

1. e4 c5 2. Nf3 Nc6 3. d4 cxd4 4. Nxd4 g6 5. g3 Bg7 6. Ne2 Nf6 7. Bg2 0-0 8. 0-0 Rb8 9. a4 a6 10. Nbc3 b5 11. axb5 axb5 12. h3 b4 13. Nd5 d6 14. Ra2 b3 15. cxb3 Nxd5 16. exd5 Nb4 17. Ra3 Ba6 18. Bd2 Qc8 19. Bxb4 Rxb4 20. Qd2 Rb6 21. Rfa1 Bb7 22. b4 Qc4 23. Ra4 Rb8 24. Nf4 Rb5 25. Bf1 Rxd5 26. Nxd5 Qxd5 27. Qxd5 Bxd5 28. Bg2 Bxb2 29. Bxd5 Bxa1 30. Rxa1 Rxb4 31. Kf1 Kg7 32. Ra2 Rb5 33. Bf3 Rc5 34. Ke2 Rc1 35. Rd2 Rc3 36. Rd3 Rc2+ 37. Ke3 Rb2 38. Rc3 Rb4 39. Be2 Ra4 40. Rc2 Rb4 41. Kd3 Ra4 42. Kc3 Ra7 43. Kb4 Rb7+ 44. Bb5 Ra7 45. Bc6 Kf6 46. Re2 Ra1 47. Be4 Rc1 48. Bc2 Rh1 49. h4 Ra1 50. Kb5 e6 51. Rd2 d5 52. Kc5 Ra5+ 53. Kd4 Ra2 54. Re2 Rb2 55. Kc3 Ra2 56. Kb3 Ra1 57. Re3 Rh1 58. Rf3+ Ke7 59. Kc3 Ra1 60. Kd4 Ra2 61. Bb3 Ra3 62. Ke5 Ra1 63. Kf4 Rc1 64. Kg5 h5 65. Ba4 Kf8 66. Kf6 Rc7 67. Rb3 Kg8 68. Rb8+ Kh7 69. Rf8 Rc3 70. Rxf7+ Kg8 71. Kxe6 Ra3 72. Bb5 Rb3 73. Rb7 Rf3 74. Kxd5 Rxf2 75. Ke4 Rg2 76. Kf4 Rf2+ 77. Ke3 Rg2 78. Kf3 Rc2 79. Bd3 Rc3 80. Rd7 Kf8 81. Kf4 Rc6 82. Kg5 Ke8 83. Rg7 Rc3 84. Bxg6+ Kf8 85. Rf7+ Kg8 86. Kf4 Rc4+ 87. Kf3 Rc3+ 88. Kg2 Rc6 89. Bxh5 Rh6 90. Rf5 1-0

[Event "Rochefort op 14th"]
[Site "Rochefort"]
[Date "2015.02.24"]
[Round "5"]
[White "Leriche, Ines"]
[Black "Saada, Julien"]
[Result "1-0"]
[WhiteElo "1919"]
[BlackElo "2319"]
[PlyCount "77"]
[EventDate "2015.02.21"]
[EventType "swiss"]
[EventRounds "9"]
[EventCountry "FRA"]
[SourceTitle "CBM 165 Extra"]
[Source "ChessBase"]
[SourceDate "2015.04.21"]
[SourceVersion "1"]
[SourceVersionDate "2015.04.21"]
[SourceQuality "1"]

1. d4 d5 2. c4 e6 3. Nc3 Nf6 4. cxd5 exd5 5. Bg5 c6 6. Qc2 Be7 7. e3 Nbd7 8. Bd3 0-0 9. Nge2 Re8 10. 0-0 Nf8 11. f3 g6 12. Rad1 Ne6 13. Bxf6 Bxf6 14. Ng3 Ng7 15. Qf2 h5 16. Bb1 h4 17. Nge2 Nh5 18. e4 Bg7 19. e5 Bh6 20. f4 Ng7 21. g3 h3 22. Qf3 Qd7 23. Rde1 Qg4 24. Qh1 g5 25. Nd1 gxf4 26. Nxf4 Be6 27. Ne3 Qg5 28. Qf3 Rf8 29. Qe2 Rae8 30. Qd3 f5 31. Nxe6 Nxe6 32. Nxf5 Kh8 33. Nd6 Rxf1+ 34. Qxf1 Rf8 35. Qxf8+ Nxf8 36. Nf7+ Kg7 37. Nxg5 Bxg5 38. Bf5 Kf7 39. Kf2 1-0

[Event "Avoine op 29th"]
[Site "Avoine"]
[Date "2014.07.24"]
[Round "6"]
[White "Leriche, Ines"]
[Black "Naudion, Gregoire"]
[Result "1-0"]
[WhiteElo "1901"]
[BlackElo "2167"]
[PlyCount "79"]
[EventDate "2014.07.19"]
[EventType "swiss"]
[EventRounds "9"]
[EventCountry "FRA"]
[SourceTitle "CBM 161 Extra"]
[Source "ChessBase"]
[SourceDate "2014.08.29"]
[SourceVersion "1"]
[SourceVersionDate "2014.08.29"]
[SourceQuality "1"]

1. d4 Nf6 2. c4 c5 3. d5 e6 4. Nc3 exd5 5. cxd5 Bd6 6. e4 0-0 7. Nf3 Bc7 8. Bd3 d6 9. h3 a6 10. a4 Nbd7 11. 0-0 Re8 12. Bf4 Nf8 13. Re1 Ng6 14. Bh2 Rb8 15. Nd2 Ne5 16. Bf1 Bd7 17. f4 Ng6 18. Nf3 b5 19. e5 Nh5 20. f5 Nh4 21. Nxh4 Qxh4 22. Qg4 g5 23. Qxh4 gxh4 24. e6 Bc8 25. axb5 Ng7 26. Ne4 Nxf5 27. Nf6+ Kf8 28. Nxe8 Kxe8 29. bxa6 fxe6 30. a7 Ra8 31. Bb5+ Bd7 32. Rxe6+ Ne7 33. Rae1 Bxb5 34. Rxe7+ Kd8 35. Rxh7 Rxa7 36. Bxd6 Bb6 37. Rxa7 c4+ 38. Kh1 Bxa7 39. Be7+ Kd7 40. Bxh4 1-0

[Event "Troyes Lallemand Memorial op"]
[Site "Troyes"]
[Date "2014.06.14"]
[Round "5"]
[White "Leriche, Ines"]
[Black "Belloc, Sidonie"]
[Result "1/2-1/2"]
[WhiteElo "1902"]
[BlackElo "1839"]
[PlyCount "87"]
[EventDate "2014.06.14"]
[EventType "swiss (rapid)"]
[EventRounds "9"]
[EventCountry "FRA"]
[SourceTitle "EXT 2015"]
[Source "ChessBase"]
[SourceDate "2014.11.20"]
[SourceVersion "1"]
[SourceVersionDate "2014.11.20"]
[SourceQuality "1"]

1. d4 d5 2. c4 c6 3. Nf3 Nf6 4. Qc2 e6 5. g3 Be7 6. Bg2 0-0 7. Nbd2 b6 8. 0-0 Bb7 9. e4 c5 10. exd5 exd5 11. cxd5 Bxd5 12. dxc5 Bxc5 13. Nb3 Bd6 14. Rd1 Qc7 15. Nbd4 Qb7 16. Bg5 Nbd7 17. Nh4 Bxg2 18. Nxg2 Rac8 19. Qd3 h6 20. Nf5 Be5 21. Ne7+ Kh8 22. Bxf6 Nxf6 23. Nxc8 Rxc8 24. Rac1 Rxc1 25. Rxc1 Bxb2 26. Rd1 Qc6 27. Ne3 Be5 28. Qc2 Qe8 29. Qd3 Qc6 30. Qc4 Qe8 31. Nd5 g6 32. Nxf6 Bxf6 33. Qd5 Kg7 34. Qd7 Qe4 35. Qxa7 Qc2 36. Rf1 Qc5 37. a4 Bd4 38. Qd7 Qe5 39. Qb5 Qf6 40. Qd3 Bc5 41. Qd1 Qc6 42. Qa1+ Kh7 43. Qa2 Qd7 44. Qc2 1/2-1/2

[Event "FRA-chT Top 12 (Women)"]
[Site "Mulhouse"]
[Date "2014.05.10"]
[Round "2.3"]
[White "Boyard, Marie"]
[Black "Leriche, Ines"]
[Result "1/2-1/2"]
[WhiteElo "1984"]
[BlackElo "1907"]
[PlyCount "140"]
[EventDate "2014.05.09"]
[EventType "team-tourn"]
[EventRounds "5"]
[EventCountry "FRA"]
[SourceTitle "CBM 160 Extra"]
[Source "ChessBase"]
[SourceDate "2014.07.01"]
[SourceVersion "1"]
[SourceVersionDate "2014.07.01"]
[SourceQuality "1"]
[WhiteTeam "Strasbourg (W)"]
[BlackTeam "Migne Echecs (W)"]
[WhiteTeamCountry "FRA"]
[BlackTeamCountry "FRA"]

1. Nf3 c5 2. g3 g6 3. Bg2 Bg7 4. 0-0 Nc6 5. d3 Nf6 6. Nbd2 0-0 7. c3 d6 8. a4 Bd7 9. e4 Rb8 10. Re1 a6 11. d4 cxd4 12. cxd4 Bg4 13. h3 Bxf3 14. Nxf3 Nd7 15. Be3 Qa5 16. Bd2 Qb6 17. Bc3 Rfc8 18. a5 Qd8 19. Bf1 Nf8 20. Qd2 d5 21. e5 Qd7 22. Qe3 Rc7 23. Kg2 Ne6 24. Rad1 b5 25. axb6 Rxb6 26. Bd3 Nb4 27. Bb1 Qa4 28. Qd2 a5 29. h4 Qb5 30. h5 Rbc6 31. hxg6 hxg6 32. Rh1 Rc4 33. Qe3 a4 34. Rc1 Qb6 35. Bd2 Rxc1 36. Rxc1 Rxc1 37. Bxc1 Nc6 38. Qc3 Kh7 39. Be3 Na5 40. Ba2 Nc7 41. Bd2 Nb3 42. Bxb3 axb3 43. Ng5+ Kg8 44. Qf3 f6 45. exf6 exf6 46. Nh3 Qxd4 47. Bc3 Qe4 48. Nf4 Kf7 49. Nd3 Nb5 50. Qxe4 dxe4 51. Nc5 Nxc3 52. Nxb3 Nd1 53. Nc5 f5 54. f3 e3 55. Kf1 Nxb2 56. Nb3 Ke6 57. Ke2 Nc4 58. Nc5+ Kd5 59. Nd3 g5 60. Nb4+ Kc5 61. Nd3+ Kd4 62. Nb4 Kc3 63. Nd5+ Kd4 64. Ne7 f4 65. gxf4 gxf4 66. Nf5+ Kc3 67. Nxg7 Ne5 68. Ne6 Nd3 69. Nxf4 Nxf4+ 70. Kxe3 Ng6 1/2-1/2